000 00869nam a2200277Ia 4500
003 OSt
005 20220918171025.0
006 a|||||r|||| 00| 0
007 ta
008 220917b |||||||| |||| 00| 0 eng d
020 _a9781137589019 (pbk)
_cUKP 31.99
024 _a320,668
037 _b166, 03/03/2017, Classic Book Service
_cTextual
040 _aARTS
_cARTS
_beng
041 _2eng
_aeng
082 _aV1:19, Q7
100 _aBeeson Mark Ed.
_933255
245 0 _aIssues in 21st century world politics
250 _a3rd
260 _aNew York
_bPalgrave Macmillan U.S.A
_c2017
300 _aviii,301p.
_ccm.
650 _aWORLD POLITICS; WORLD HISTORY
_933256
700 _a Bisley Nick Ed.
_933257
942 _hV1:19, Q7
_cTEXL
_2CC
999 _c137361
_d137361